000 01021cam a2200301 a 4500
001 17185308
003 OSt
005 20180117090002.0
008 120228s2013 cau b 001 0 eng
010 _a 2012934262
020 _a9781446207383
020 _a9781446207390 (paperback)
040 _aDLC
_cDLC
_dDLC
050 0 0 _aPN4731
_b.B85 2013
082 0 0 _a070.4
_223
100 1 _aBurns, Lynette Sheridan.
245 1 0 _aUnderstanding journalism /
_cLynette Sheridan Burns.
250 _a2nd ed.
260 _aLos Angeles :
_bSAGE,
_c2013.
300 _axi, 177 p. ;
_c25 cm
504 _aIncludes bibliographical references (pages 168-173) and index.
650 0 _aJournalism.
650 0 _aReporters and reporting.
906 _a7
_bcbc
_corigcop
_d2
_eepcn
_f20
_gy-gencatlg
942 _2ddc
_cBK
999 _c3277
_d3277